Online katalóg knižníc regiónu Turca

Kocúrkovo, alebo, Len aby sme v hanbe nezostali (Record no. 20661)

MARC details
000 -LEADER
fixed length control field 01815nam a22005175a 4500
001 - CONTROL NUMBER
control field 20661
003 - CONTROL NUMBER IDENTIFIER
control field VRT
005 - DATE AND TIME OF LATEST TRANSACTION
control field 20260128150119.0
008 - FIXED-LENGTH DATA ELEMENTS--GENERAL INFORMATION
fixed length control field 151022s2015 yu g 000 d slo d
020 ## - INTERNATIONAL STANDARD BOOK NUMBER
International Standard Book Number 9788651702771 (brož.)
035 ## - SYSTEM CONTROL NUMBER
System control number a000543861
039 #9 - LEVEL OF BIBLIOGRAPHIC CONTROL AND CODING DETAIL [OBSOLETE]
Level of rules in bibliographic description 201803221421
Level of effort used to assign nonsubject heading access points szollosk
Level of effort used to assign subject headings 201511251000
Level of effort used to assign classification drlickoj
Level of effort used to assign subject headings 201511231347
Level of effort used to assign classification argo
Level of effort used to assign subject headings 201510221355
Level of effort used to assign classification viera
040 ## - CATALOGING SOURCE
Original cataloging agency UKB
Language of cataloging slo
Transcribing agency UKB
Description conventions AACR2
041 0# - LANGUAGE CODE
Language code of text/sound track or separate title slo
044 ## - COUNTRY OF PUBLISHING/PRODUCING ENTITY CODE
MARC country code yu
ISO country code RS
MARC country code xo
ISO country code SK
072 #7 - SUBJECT CATEGORY CODE
Subject category code 821.162.4-2
Subject category code subdivision Slovenská dráma
Source konspekt
080 ## - UNIVERSAL DECIMAL CLASSIFICATION NUMBER
Universal Decimal Classification number 821.162.4-2
Edition identifier 2004
080 ## - UNIVERSAL DECIMAL CLASSIFICATION NUMBER
Universal Decimal Classification number (0:82-2)
Edition identifier 2004
100 1# - MAIN ENTRY--PERSONAL NAME
Personal name Chalupka, Ján,
Dates associated with a name 1791-1871
245 10 - TITLE STATEMENT
Title Kocúrkovo, alebo, Len aby sme v hanbe nezostali
Statement of responsibility, etc. Ján Chalupka
246 30 - VARYING FORM OF TITLE
Title proper/short title Len aby sme v hanbe nezostali
250 ## - EDITION STATEMENT
Edition statement 1. vyd.
260 ## - PUBLICATION, DISTRIBUTION, ETC.
Place of publication, distribution, etc. [Beograd]
Name of publisher, distributor, etc. Liber Novus
Date of publication, distribution, etc. 2015
300 ## - PHYSICAL DESCRIPTION
Extent 63 s.
490 1# - SERIES STATEMENT
Series statement Slovenská klasika
Volume/sequential designation 6
500 ## - GENERAL NOTE
General note Vyd. pre denník Nový Čas v rámci proj. Nový Čas Knižnica
500 ## - GENERAL NOTE
General note Vyd. v spolupr. s Ringier Axel Springer Slovakia
653 ## - INDEX TERM--UNCONTROLLED
Uncontrolled term 821.162.4-2
653 ## - INDEX TERM--UNCONTROLLED
Uncontrolled term (0:82-2)
655 #7 - INDEX TERM--GENRE/FORM
Genre/form data or focus term slovenské drámy
Source of term UKBPH
830 #0 - SERIES ADDED ENTRY--UNIFORM TITLE
Uniform title Slovenská klasika
910 ## - USER-OPTION DATA (OCLC)
User-option data ukb
942 ## - ADDED ENTRY ELEMENTS (KOHA)
Source of classification or shelving scheme Dewey Decimal Classification
Koha item type Krásna literatúra pre dospelých
Suppress in OPAC No
949 ## - LOCAL PROCESSING INFORMATION (OCLC)
6 1800666486
a SJ.D.03686
b PV.2015-12353
949 ## - LOCAL PROCESSING INFORMATION (OCLC)
6 1800666487
a SK.D.70840
b PV.2015-12354
s 6707:20151127
949 ## - LOCAL PROCESSING INFORMATION (OCLC)
6 1800666488
a 33.D.31943
b DD.2015-717
949 ## - LOCAL PROCESSING INFORMATION (OCLC)
6 1800666489
a 33.D.31943
b DD.2015-718
949 ## - LOCAL PROCESSING INFORMATION (OCLC)
6 1800666490
a 33.D.31943
b DD.2015-719
949 ## - LOCAL PROCESSING INFORMATION (OCLC)
6 1800666491
a 33.D.31943
b DD.2015-720
949 ## - LOCAL PROCESSING INFORMATION (OCLC)
6 1800666492
a 33.D.31943
b DD.2015-721
949 ## - LOCAL PROCESSING INFORMATION (OCLC)
6 1800666493
a 33.D.31943
b DD.2015-722
949 ## - LOCAL PROCESSING INFORMATION (OCLC)
6 1800666494
a 33.D.31943
b DD.2015-723
949 ## - LOCAL PROCESSING INFORMATION (OCLC)
6 1800666495
a 33.D.31943
b DD.2015-724
949 ## - LOCAL PROCESSING INFORMATION (OCLC)
6 1800742099
a 33.D.31943
b DD.2018-141
949 ## - LOCAL PROCESSING INFORMATION (OCLC)
6 1800742100
a 33.D.31943
b DD.2018-142
Holdings
Stav vyradenia Strata Poškodenie Spôsob nadobudnutia Domovská knižnica Aktuálna knižnica Dátum nadobudnutia Total checkouts Čiarový kód exemplára Date last seen Typ exemplára
      Dar Obecná knižnica Horná Štubňa Obecná knižnica Horná Štubňa 28.01.2026   9788651702771 28.01.2026 Krásna literatúra pre dospelých
Projekt je podporený Slovenskou asociáciou knižníc
Prevádzkuje Turčianska knižnica Martin 2026